Ability Wars - Statistics

General Stats
  • This quiz has been taken 3 times
  • The average score is 71 of 94
Answer Stats
Hint (Punches) Answer (Ability) % Correct
12000 & Alchemist Alchemist
100%
13000 & Warrior Army
100%
Posing as Return's orb on its pedestal Bind
100%
Raider Bomb
100%
Brick behind Stone's podium Brick
100%
Brickbattler Brickbattler
100%
6000 & Burger under Floppa's Chair Burger
100%
5000 & Cut of butter behind Glue's podium Butter
100%
cake Cake
100%
100 (as a badge) Combo
100%
30000 Cosmos
100%
Elf Crafter
100%
400 Robux Custom
100%
0 Default
100%
11000 & Defender Defender
100%
14000 Devourer of Souls
100%
17777 Dice
100%
Only accessible in Day of Deus Dodge
100%
Join the Game's Group Double Jump
100%
Golden Egg or Mythical Eggs Egg
100%
Operator Engineer
100%
14000 & Cultivate Farmer
100%
Pyrotechnic Firework
100%
20000 Freeze
100%
15000 & Gingerbread Overlord Gingerbread
100%
400 Robux God Punch
100%
Ability Warrior or Hero of Justice Hero of Justice
100%
4000 & Leader of the Hive Hivemind
100%
9000 & Gelatinous Jello
100%
1500 & Jester Hat behind Soap's podium Jester
100%
The Shop Kick
100%
2500 & The Backrooms Lemon
100%
Trick or Treat Malice
100%
30000 & Machinsit Mech
100%
150000 Midas
100%
Mystical Mystic
100%
25000 Pirate
100%
100000 Plasma
100%
5000 & The True Blood God Portal
100%
6000 & Charged Pulse
100%
25000 & It All Comes Down Puppet
100%
Magical Carrot Rabbit
100%
20000 & Vengeance Rage
100%
250 & boing Randomize
100%
Grim Reaper Reaper
100%
8000 & Hero Return
100%
500 & Bottom northwest corner of lobby near Plasma Seat
100%
100 Shift
100%
50 Soda
100%
Behind the Arena Portal Spectator
100%
Inventor Spring
100%
25 Teleportation
100%
15000 Time
100%
3500 & Tree Master Tree
100%
Operator or Moonist UFO
100%
Forsaken Vampire
100%
50000 & Call of the Void Void
100%
7500 Bone
67%
1500 Bounty Hunter
67%
900 Buff
67%
11000 Cyborg
67%
Gift Festive
67%
200 Glue
67%
150 Gravity
67%
40000 Quantum
67%
400 Soap
67%
80000 Stardust
67%
2400 Barrier
33%
50000 Berserker
33%
7000 Blood God
33%
300 Boomerang
33%
10000 & Spotless Bubble
33%
4800 Cards
33%
750 & On the back edge of Quantum's podium glass Cheese
33%
2000 Deflect
33%
500 Grapple
33%
9000 Mage
33%
2800 Magnet
33%
TBA & Sword behind Pack-A-Punch Muramasa
33%
1300 Mushroom
33%
10000 Nuclear
33%
3600 Overcharge
33%
13000 Paladin
33%
6000 Plant
33%
1700 Programmer
33%
60000 Railgun
33%
700 Robot
33%
12000 Storm
33%
8000 Crystal
0%
6500 Lava
0%
5400 Meteor
0%
1100 Slime
0%
4400 Snow
0%
4000 Stone
0%
No matching quizzes found
Score Distribution
Percent of People with Each Score
Percentile by Number Answered
Your Score History
You have not taken this quiz